000 00363pab a2200157 454500
008 180718b2013 xxu||||| |||| 00| 0 eng d
100 _aSingh, Shilp Shikha
245 _aEducation in the shadow of conflict
260 _c2013
300 _ap.155-164.
362 _aApr-Jun
650 _aEducation
773 _aSocial Action
908 _aN
909 _a99629
999 _c99628
_d99628